000 00761nam a2200325Ia 4500
005 20260514124353.0
008 008 261405s9999 xx 000 0 eng d
037 _aThesis
040 _aCRL
040 _beng
040 _cCRL
041 _2eng
041 _aeng
084 _qCRL
100 _aSonanki Dr.Pramod
_91239647
245 0 _aEvaluation of Loss of Heterozygosity 1p/19q in Meningiomas.
260 _aDelhi
260 _bUniversity of Delhi
260 _c2016
300 _a93p.
502 _bPh.D.
502 _cUniversity of Delhi
502 _d2016
541 _oThesis
650 _aPathology
_91239640
700 _aDr.Vibha Dutta
_91239648
710 _aPathology
942 _cTH
999 _c1851755
_d1851755